• 首页
  • 本馆介绍
  • 公告通知
  • 最新文献
  • 馆藏检索
  • 电子资源
  • 读者导购
  • 参考咨询
  • 我的图书馆
  • 登录
  • 详细信息显示
  • 放入我的书架
  • 预约/预借图书
  • 作者相关作品
  • 分类相关作品
  • 丛书相关作品
  • 出版社相关作品

书目信息

  • 表格格式
  • 工作单格式
  • 卡片格式
题名:
反三国志演义
    
 
作者: 周大荒 著
分册:  
出版信息: 石家庄   河北人民出版社  1987
页数: 584页
开本: 19cm
丛书名:
单 册:
中图分类: I246.4 , I242.4
科图分类:
主题词: 章回小说--中国--现代 , 小说--中国
电子资源:
ISBN: 7-202-00002-4
000 00692nam0 2200253 45
001 0187011453
005 20030103230419.2
010    @a7-202-00002-4@dCNY3.40
100    @a19951124d1987 em y0chiy0121 ea
101 0  @achi
102    @aCN@b130000
105    @ay z 000yy
106    @ar
200 10 @a反三国志演义@Afan san guo zhi yan yi@f周大荒著
210    @a石家庄@c河北人民出版社@d1987
215    @a584页@d19cm
606    @a章回小说@y中国@z现代
606 0  @a小说@x中国
690    @aI246.4@v3
690    @aI242.4
701  0 @a周大荒@4著@Azhou da huang
801  0 @aCN@b深圳图书馆@c20030103
801  2 @aCN@bNLC@c20030103
905    @f4@b202233-236@f0@f2@b252389-390@dI242.4@e110
    
    反三国志演义/周大荒著.-石家庄:河北人民出版社,1987
    584页;19cm
    
    
    ISBN 7-202-00002-4:CNY3.40
    
●
相关链接 在E读中查询图书 在五车中查询图书 在当当中查询图书 在豆瓣中查询图书


正题名:反三国志演义     索取号:I242.4/110         预约/预借

序号 登录号 条形码 馆藏地/架位号 状态 备注
1 0202233   000111612   第二借阅区/ [索取号:I242.4/110] 在馆    
2 0202234   000111649   第二借阅区/ [索取号:I242.4/110] 在馆    
3 0202235   000111621   第二借阅区/ [索取号:I242.4/110] 在馆    
4 0202236   000111630   第二借阅区/ [索取号:I242.4/110] 在馆    
5 0202237   000111603   第一样本阅览室/ [索取号:I242.4/110] 在馆    
6 0252389   000111587   第二借阅区/ [索取号:I242.4/110] 在馆    
7 0252390   000111596   第二借阅区/ [索取号:I242.4/110] 在馆    
唐山师范学院图书馆 欢迎您!
大连网信软件有限公司© 版权所有